[Event "JUG-chT"]
[Site "Niksic"]
[Date "1996.??.??"]
[Round "?"]
[White "Stankovic, Dragan"]
[Black "Perovic, Dragan"]
[Result "1/2-1/2"]
[WhiteElo "2330"]
[BlackElo "2390"]

1.g3 e5 2.c4 Nc6 3.Bg2 g6 4.Nc3 Bg7 5.e3 h5 6.Nge2 h4 7.d3 d6 8.Rb1 a5 9.a3 hxg3
10.hxg3 Rxh1+ 11.Bxh1 Bg4 12.Qc2 Qg5 13.Bg2 Qh5 14.Ng1  1/2-1/2

[Event "JUG-ch op"]
[Site "Nis"]
[Date "1996.??.??"]
[Round "3"]
[White "Vaulin, Alexander"]
[Black "Nestorovic, Dejan"]
[Result "1-0"]
[WhiteElo "2480"]
[BlackElo "2310"]

1.c4 e5 2.g3 Nc6 3.Bg2 f5 4.Nc3 Nf6 5.e3 g6 6.Nge2 Bg7 7.O-O O-O 8.d3 d6
9.Rb1 a5 10.Nd5 Be6 11.Nec3 Bf7 12.Bd2 Nxd5 13.Nxd5 Ra7 14.Nc3 e4 15.b3 exd3
16.Nb5 Ra8 17.Bc3 Ne5 18.Bxb7 Rb8 19.Bg2 c6 20.Na3 Re8 21.Qd2 a4 22.b4 c5
23.bxc5 dxc5 24.Rxb8 Qxb8 25.Bxe5 Qxe5 26.Qxd3 Qc3 27.Rd1 Qxd3 28.Rxd3 Rb8
29.Bd5 Rb2 30.Bxf7+ Kxf7 31.Rd7+ Kg8 32.Ra7 Rxa2 33.Rxa4 Ra1+ 34.Kg2 Rc1
35.Nb5 h5 36.Nc7 Kf7 37.Nd5 g5 38.Ra7+ Kg6 39.Ne7+ Kf6 40.Nd5+ Kg6 41.h4 gxh4
42.Nf4+ Kh6 43.Rf7 hxg3 44.Rxf5 Ba1 45.Rxh5+ Kg7 46.Kxg3 Rxc4 47.Rxc5  1-0

[Event "JUG-ch op"]
[Site "Nis"]
[Date "1996.??.??"]
[Round "6"]
[White "Barlov, Dragan"]
[Black "Drasko, Milan"]
[Result "1/2-1/2"]
[WhiteElo "2460"]
[BlackElo "2505"]

1.c4 e5 2.g3 Nc6 3.Bg2 g6 4.Nc3 Bg7 5.e3 d6 6.Nge2 Nge7 7.d4 exd4 8.exd4 O-O
9.O-O a6 10.b3 Rb8 11.d5 Ne5 12.f4 Nd7 13.Be3 b5 14.cxb5 axb5 15.Bd4 Nf6
16.b4 Nf5 17.h3  1/2-1/2

[Event "Oberwart op"]
[Site "Oberwart"]
[Date "1996.??.??"]
[Round "2"]
[White "Preiss, Martin"]
[Black "Gretarsson, Helgi Ass"]
[Result "0-1"]
[WhiteElo "2270"]
[BlackElo "2465"]

1.c4 e5 2.g3 Nf6 3.Bg2 d5 4.cxd5 Nxd5 5.Nc3 Nb6 6.Nf3 Nc6 7.O-O Be7 8.a3 O-O
9.b4 Be6 10.d3 a5 11.b5 Nd4 12.Bb2 Bb3 13.Qc1 Bd5 14.Nxd4 Bxg2 15.Kxg2 exd4
16.Ne4 a4 17.Nd2 Bg5 18.Qc2 Bxd2 19.Qxd2 Qd5+ 20.Kg1 Nd7 21.Rac1 Nc5 22.Rc4 Ne6
23.Qc2 Ng5 24.h4 Ne6 25.Rc1 Ra5 26.Rb4 Rxb5 27.Qxa4 Rxb4 28.axb4 b5 29.Qa6 Ra8
30.Qc6 Qxc6 31.Rxc6 Ra2 32.Bc1 Rxe2 33.Bf4 Rb2 34.Bxc7 Rxb4 35.Rb6 h5 36.Rb8+ Kh7
37.Bd6 Rb2 38.Kg2 Kg6 39.Kf3 Kf5 40.Rb7 f6 41.Rb6 g5 42.hxg5 fxg5 43.Rb7 g4+
44.Kg2 Ng5 45.Rc7 Nf3 46.Ba3 Rb1 47.Bc1 h4  0-1

[Event "SLO-ch U16"]
[Site "Okroglo"]
[Date "1996.??.??"]
[Round "2"]
[White "Znuderl, M."]
[Black "Cizman, G."]
[Result "1-0"]
[WhiteElo "1955"]
[BlackElo "1635"]

1.c4 e5 2.g3 d5 3.cxd5 Qxd5 4.Nf3 Nc6 5.Nc3 Qd8 6.d3 Be6 7.Bg2 Bd6 8.Ng5 Nge7
9.Nxe6 fxe6 10.O-O O-O 11.Qb3 Qc8 12.Bd2 Kh8 13.Rac1 Rb8 14.Ne4 Nd4 15.Qd1 Qd7
16.e3 Ndf5 17.Qb3 c6 18.Nxd6 Nxd6 19.Bc3 Nf7 20.d4 Ng6 21.Rfd1 Qc7 22.Qxe6 Rbe8
23.Qb3 exd4 24.Bxd4 a6 25.Bb6 Qc8 26.Bc5  1-0

[Event "SLO-ch U16"]
[Site "Okroglo"]
[Date "1996.??.??"]
[Round "4"]
[White "Znuderl, M."]
[Black "Kebe, M."]
[Result "1-0"]
[WhiteElo "1955"]
[BlackElo "1835"]

1.c4 e5 2.g3 Nf6 3.Bg2 c6 4.Nc3 Be7 5.d3 O-O 6.Nf3 d6 7.O-O Nbd7 8.b4 d5
9.Qb3 dxc4 10.dxc4 Qc7 11.c5 h6 12.Bb2 Re8 13.Rfd1 Nf8 14.Qc2 Ng6 15.Ne4 Nxe4
16.Qxe4 f5 17.Qc4+ Kh7 18.h4 Bf6 19.h5 Nf8 20.Qc2 Kh8 21.Rd6 Qf7 22.Rxf6 Qxh5
23.Rd6 Ng6 24.Rad1 e4 25.Qc3  1-0

[Event "SLO-ch U16"]
[Site "Okroglo"]
[Date "1996.??.??"]
[Round "5"]
[White "Pockaj, B."]
[Black "Popovic, D."]
[Result "1-0"]
[WhiteElo "1765"]
[BlackElo "1700"]

1.c4 e5 2.g3 Bc5 3.Bg2 Nf6 4.Nc3 O-O 5.e3 d6 6.Nge2 c6 7.O-O Be6 8.d4 Bb6
9.b3 Qc8 10.Re1 Re8 11.Bb2 h6 12.Rc1 Bh3 13.Bh1 Re7 14.b4 Qe8 15.a4 a5 16.b5 Qd7
17.Ba3 Ra7 18.dxe5 Rxe5 19.Qxd6 Qxd6 20.Bxd6 Rxe3 21.c5 Re6 22.Bxb8 Ra8 23.cxb6 Rxb8
24.Nf4 Rxe1+ 25.Rxe1 Bf5 26.bxc6 bxc6 27.Bxc6 Rxb6 28.Bb5 Rd6 29.Rd1 Rb6
30.Nfd5 Nxd5 31.Nxd5 Rb8 32.Ne7+  1-0

[Event "RUS-Cup3"]
[Site "Omsk"]
[Date "1996.??.??"]
[Round "8"]
[White "Vaulin, Alexander"]
[Black "Landa, Konstantin"]
[Result "1/2-1/2"]
[WhiteElo "2485"]
[BlackElo "2570"]

1.c4 e5 2.g3 Nc6 3.Bg2 f5 4.Nc3 Nf6 5.e3 d5 6.Nxd5 Nxd5 7.cxd5 Nb4 8.d3 Nxd5
9.Nf3 Bd6 10.e4 fxe4 11.Nxe5 Nf6 12.Nc4 Bb4+ 13.Bd2 Bxd2+ 14.Qxd2 Qxd3 15.Qxd3 exd3
16.Ne5 O-O 17.O-O-O c6  1/2-1/2

[Event "Komercni Banka op"]
[Site "Pardubice"]
[Date "1996.??.??"]
[Round "4"]
[White "Krylov, Stanislav"]
[Black "Szczygiel, Agnieszka"]
[Result "1-0"]
[WhiteElo "2210"]
[BlackElo "2065"]

1.c4 e5 2.g3 Nc6 3.Bg2 g6 4.Nc3 Bg7 5.Rb1 d6 6.b4 f5 7.e3 Nf6 8.Nge2 O-O
9.d3 h6 10.O-O Qe8 11.b5 Nd8 12.a4 Rb8 13.Ba3 Rf7 14.a5 g5 15.b6 axb6 16.axb6 c5
17.Nb5 Qe7 18.Nec3 Bd7 19.Nc7 Bc6 20.N3d5 Nxd5 21.cxd5 Bd7 22.Qh5 f4 23.Be4 Rf6
24.Bb2 Nf7 25.Rfe1 Rf8 26.d4 fxe3 27.fxe3 g4 28.dxc5 Ng5 29.Bg2 Rf2 30.Rf1 Qf6
31.Bc3 Nf3+ 32.Kxf2 Bf5 33.Rbd1 Bg6 34.Qxg4 Nxh2+ 35.Kg1 Nxg4 36.Rxf6 Rxf6
37.c6 Nxe3 38.cxb7 Rf8 39.Ra1  1-0

[Event "Komercni Banka op"]
[Site "Pardubice"]
[Date "1996.??.??"]
[Round "6"]
[White "Krylov, Stanislav"]
[Black "Myc, Marcin"]
[Result "1-0"]
[WhiteElo "2210"]
[BlackElo "2315"]

1.c4 e5 2.g3 Nf6 3.Bg2 Nc6 4.Nf3 h6 5.O-O Bc5 6.Nc3 d6 7.d3 O-O 8.Na4 Bg4
9.h3 Be6 10.b3 a5 11.Nxc5 dxc5 12.Bb2 Qd6 13.Qc2 Rad8 14.Rad1 b6 15.Kh2 Nh7
16.Qc3 f6 17.e3 Ng5 18.Ng1 Nf7 19.Ne2 Bf5 20.d4 e4 21.dxc5 Qxc5 22.Rd5 Rxd5
23.cxd5 Qxd5 24.Nf4 Qd6 25.Rc1 Nfe5 26.Rc2 Rd8 27.Bc1 Nb4 28.Rd2 Nbd3 29.Nxd3 Nxd3
30.Qc4+ Qd5 31.Rxd3  1-0

[Event "Paris op"]
[Site "Paris"]
[Date "1996.??.??"]
[Round "2"]
[White "Markowski, Tomasz"]
[Black "Rotstein, Arkadij"]
[Result "1/2-1/2"]
[WhiteElo "2535"]
[BlackElo "2445"]

1.g3 e5 2.c4 Nf6 3.Bg2 c6 4.d4 exd4 5.Qxd4 d5 6.Nf3 Be7 7.cxd5 cxd5 8.O-O Nc6
9.Qa4 O-O 10.Nc3 Bd7 11.Qd1 Be6 12.Ng5 Bg4 13.h3 Bh5 14.g4 Bg6 15.Nf3 d4
16.Nb5 d3 17.Nc3 dxe2 18.Nxe2 Qb6 19.Nf4 Rad8 20.Qa4 Bc5 21.Nxg6 hxg6 22.Bg5 Rfe8
23.Bh4 Re4 24.Qb3 Rb4 25.Qc3 Rxb2 26.Rac1 Bd4 27.Qc4 Ne5 28.Nxe5 Bxe5 29.Rfe1 g5
30.Rxe5 gxh4 31.Rf5 Rdd2 32.Qc5 Qxc5 33.Rcxc5 Rd1+ 34.Kh2 Rd7 35.g5 Ne8 36.Rc8 Kf8
37.g6 f6 38.Rh5 Ke7 39.Rxh4 Nd6 40.Rg8 Ke6 41.Rf4 Rxa2 42.h4 f5 43.Bh3 Ke5
44.Rf3 Ra4 45.Kg3 Kf6 46.Rf8+ Kxg6 47.R3xf5 Ne4+ 48.Kg2 Re7 49.Rd5 Kh6 50.Rh8+ Kg6
51.Rf8 Kh6 52.Rh8+ Kg6 53.Rf8  1/2-1/2

[Event "Rubinstein mem"]
[Site "Polanica Zdroj"]
[Date "1996.??.??"]
[Round "5"]
[White "Markowski, Tomasz"]
[Black "Gulko, Boris F"]
[Result "1/2-1/2"]
[WhiteElo "2540"]
[BlackElo "2615"]

1.g3 e5 2.c4 f5 3.d4 Bb4+ 4.Bd2 Bxd2+ 5.Qxd2 d6 6.Nc3 Nf6 7.dxe5 dxe5 8.Qxd8+ Kxd8
9.Nf3 e4 10.Nd4 c6 11.f3 exf3 12.exf3 Re8+ 13.Kf2 Na6 14.Bd3 g6 15.Rae1 Bd7
16.Rxe8+ Kxe8 17.Re1+ Kf8 18.Re5 c5 19.Ndb5  1/2-1/2

[Event "Kottnauer mem"]
[Site "Prague"]
[Date "1996.??.??"]
[Round "1"]
[White "Zueger, Beat"]
[Black "Smejkal, Jan"]
[Result "1/2-1/2"]
[WhiteElo "2465"]
[BlackElo "2510"]

1.c4 e5 2.g3 d6 3.Bg2 g6 4.Nc3 Bg7 5.e3 Nf6 6.Nge2 O-O 7.d4 Nbd7 8.O-O Re8
9.b3 exd4 10.Nxd4 c6 11.Ba3 Nc5 12.Qc2 a5 13.Rad1 Qe7 14.Rfe1 h5 15.h3 Nh7
16.Na4 Nxa4 17.bxa4 Ng5 18.h4 Nh7 19.Nb3 c5 20.Qd3 Bg4 21.Rd2 Red8 22.Bb2 Bxb2
23.Rxb2 Nf6 24.Nd2 Rab8 25.Rb6 Bf5 26.Qc3 Ne4 27.Nxe4 Bxe4 28.Rd1 Bxg2 29.Kxg2 d5
30.cxd5 Rxd5 31.Rxg6+ fxg6 32.Qc4 Qf7 33.Rxd5 b6 34.Qd3 Rf8 35.f4 Re8 36.e4 Qe6
37.e5 Qc6 38.Kh2 c4 39.Qd4 Qxa4 40.Qxb6 Qc2+ 41.Kg1 c3 42.Rd7 Qf5 43.Qb3+ Kf8
44.Rc7 Rc8 45.Rxc3 Rxc3 46.Qxc3 Qb1+ 47.Kf2 Qxa2+ 48.Ke3 a4 49.Qc8+ Ke7 50.Qc7+ Kf8
51.Qd6+ Kg7 52.Qf6+ Kh7 53.e6 Qb3+ 54.Ke4 Qc4+ 55.Ke3 Qb3+ 56.Kd2 Qb4+ 57.Ke2 Qc4+
58.Kf2 Qc2+ 59.Ke3 Qb3+ 60.Kd2 Qb4+ 61.Kc1 Qc4+ 62.Kd2 Qb4+ 63.Ke2 Qc4+ 64.Kf2 Qc2+
65.Kg1 Qd1+ 66.Kf2 Qd2+  1/2-1/2

[Event "CZE-ch U18"]
[Site "Prague"]
[Date "1996.??.??"]
[Round "4"]
[White "Schwarz, Michael"]
[Black "Hromas, Jan"]
[Result "1-0"]
[WhiteElo "1775"]
[BlackElo "1635"]

1.c4 e5 2.g3 Nf6 3.Bg2 c6 4.Nc3 Bb4 5.d4 Qe7 6.a3 Bxc3+ 7.bxc3 O-O 8.Qc2 d6
9.Bg5 h6 10.h4 Nbd7 11.d5 c5 12.Nf3 e4 13.Nd2 hxg5 14.hxg5 Nh7 15.Nxe4 g6
16.Qd2 f6 17.gxf6 Nhxf6 18.Qh6 Qg7 19.Qxg7+ Kxg7 20.Nxd6 Ne5 21.f4 Neg4 22.Kd2 Rd8
23.Ne4 Nxe4+ 24.Bxe4 Nf2 25.Rhg1 Nxe4+ 26.Kd3 Nd6 27.e4 Bg4 28.Rge1 Nc8 29.Rab1 b6
30.a4 Ne7 31.a5 Rab8 32.axb6 Rxb6 33.Rb5 Rxb5 34.cxb5 Rb8 35.c4 Nc8 36.Ra1 Rb7
37.Ra6 Kf7 38.Ke3 Bd1 39.e5 Ke7  1-0

[Event "CRO-Cup"]
[Site "Pula"]
[Date "1996.??.??"]
[Round "?"]
[White "Ruck, Robert"]
[Black "Mohr, Georg"]
[Result "0-1"]
[WhiteElo "2455"]
[BlackElo "2495"]

1.c4 e5 2.g3 Nf6 3.Bg2 Nc6 4.Nc3 g6 5.Nf3 Bg7 6.d4 d6 7.O-O O-O 8.d5 Ne7
9.e4 Nd7 10.Ne1 f5 11.Nd3 Nf6 12.Re1 c6 13.dxc6 Nxc6 14.Bg5 h6 15.Bxf6 Qxf6
16.Nd5 Qd8 17.N3b4 Rb8 18.Qd2 f4 19.Rad1 fxg3 20.hxg3 Bg4 21.Rc1 Nd4 22.Rc3 Nf3+
23.Bxf3 Bxf3 24.Ree3 Qg5 25.Qd3 Bg4 26.Nc2 Rf7 27.Ne1 Rbf8 28.Rc2 h5 29.Ng2 Bh6
30.Nh4 Kg7 31.Re1 Qd8 32.Ne3 Be6 33.Rd1 Bg5 34.Qxd6 Qxd6 35.Rxd6 Rxf2 36.Nef5+ gxf5
37.Kxf2 fxe4+ 38.Kg2 Rf6 39.Re2 e3 40.Nf3 Bxc4 41.Rd7+ Kh6 42.Rc2 Be6 43.Rh7+ Kxh7
44.Nxg5+ Kg6 45.Nxe6 Rxe6 46.Kf3 Rc6 47.Re2 Ra6 48.b3 Rc6 49.Ke4 Kf6 50.Rh2 Rc3
51.Rxh5 e2 52.Rh6+ Kg5 53.Rh1 Kg4 54.Re1 Rc2 55.Rg1 Rxa2  0-1

[Event "CRO-Cup"]
[Site "Pula"]
[Date "1996.??.??"]
[Round "?"]
[White "Ruck, Robert"]
[Black "Arapovic, Vitomir"]
[Result "0-1"]
[WhiteElo "2455"]
[BlackElo "2415"]

1.c4 e5 2.g3 Nc6 3.Bg2 g6 4.Nc3 Bg7 5.e3 d6 6.Nge2 h5 7.h3 Nh6 8.d3 O-O 9.Nd5 Ne7
10.d4 c6 11.Ndc3 f5 12.b3 g5 13.dxe5 dxe5 14.Qxd8 Rxd8 15.h4 g4 16.e4 f4
17.gxf4 exf4 18.Bxf4 Ng6 19.Bg5 Rf8 20.Rd1 Nf7 21.Be3 Nfe5 22.Bd4 Be6 23.Kf1 b6
24.Ng3 c5 25.Bxe5 Bxe5 26.Nge2 Rf7 27.Kg1 Raf8 28.Rf1 Nf4 29.Nxf4 Rxf4 30.Nd5 Rxf2
31.Rxf2 Bd4 32.Ne7+ Kg7 33.Nf5+ Bxf5 34.exf5 Rxf5 35.Bd5 Rxf2 36.Bg2 g3 37.Rh3 Rxa2+
38.Kf1 Rf2+ 39.Kg1 Rf3+ 40.Kh1 Rxb3 41.Bd5 Rb1+ 42.Kg2 Rg1+ 43.Kf3 Bf2 44.Ke2 a5
45.Rh1 Rxh1 46.Bxh1 a4  0-1

[Event "Regensburg op"]
[Site "Regensburg"]
[Date "1996.??.??"]
[Round "5"]
[White "Niessen, Helga"]
[Black "Schmidt, Wolfgang"]
[Result "1-0"]
[WhiteElo "2105"]
[BlackElo "2305"]

1.c4 e5 2.g3 Nc6 3.Bg2 Bc5 4.Nc3 a5 5.d3 d6 6.e3 Nge7 7.Nge2 Bg4 8.h3 Bh5
9.O-O f5 10.Qd2 Bb4 11.a3 Bxe2 12.Qxe2 Bc5 13.Rb1 O-O 14.b3 Kh8 15.Nd5 Rb8
16.Kh2 Qd7 17.f4 Nxd5 18.Bxd5 Rf6 19.Bb2 Rh6 20.Rbd1 Re8 21.Qf2 exf4 22.Qxf4 Bxe3
23.Qxf5 Qxf5 24.Rxf5 Nd4 25.Bxd4 Bxd4 26.Re1 Rb8 27.Re7 g6 28.Rff7 c6 29.Be6 b5
30.cxb5 cxb5 31.Bd7 b4 32.a4 Kg8 33.Be6 Kh8 34.Kg2 Rh5 35.Bg4 Rh6 36.Kf3 g5
37.Ke4 Bf6 38.Re6 Bg7 39.Ree7 Rg8 40.Be6 Bf6 41.Rxf6 Rxf6 42.Bxg8 Kxg8 43.Ra7 g4
44.hxg4 Rf1 45.Rxa5 Rb1 46.Ra8+ Kf7 47.a5 Rxb3 48.a6 Ra3 49.Kd4 d5 50.a7 Kg7
51.g5 Ra1 52.g6 hxg6 53.g4 Ra3 54.g5 Ra5 55.Ke3 Ra3 56.Kd4 Ra5 57.Rb8 Rxa7
58.Rxb4 Kf7 59.Rb6 Rd7 60.Ke5 Re7+ 61.Kxd5 Re3 62.Kd4 Rg3 63.Rb5 Ke6 64.Re5+ Kd6
65.Ra5 Ke7 66.Ke4 Rg1 67.Ra7+ Ke6 68.Ra6+ Ke7 69.Rxg6  1-0

[Event "Reykjavik op"]
[Site "Reykjavik"]
[Date "1996.??.??"]
[Round "7"]
[White "Conquest, Stuart"]
[Black "Olafsson, Helgi"]
[Result "1/2-1/2"]
[WhiteElo "2540"]
[BlackElo "2485"]

1.c4 e5 2.g3 Nf6 3.Bg2 d5 4.cxd5 Nxd5 5.Nc3 Nb6 6.Nf3 Nc6 7.O-O Be7 8.Rb1 O-O
9.b4 a6 10.a3 Bg4 11.d3 Re8 12.Be3 Bf8 13.Nd2 a5 14.bxa5 Rxa5 15.Bxb6 cxb6
16.Nc4 Ra6 17.a4 Be6 18.Qc1 Bc5 19.Rd1 Bd4 20.e3 Bxc3 21.Qxc3 Qc7 22.Rb5 Bxc4
23.Qxc4 Rea8 24.Ra1 Ra5 25.h4 Rxb5 26.Qxb5 Ra5 27.Qb2 g6 28.Bf3 h5 29.Kg2 Kg7
30.Ra3 Qd6 31.Rb3 Rxa4 32.Rxb6 Rb4 33.Qa3 Qf8 34.Rxb4 Qxb4 35.Qxb4  1/2-1/2

[Event "Rieden op"]
[Site "Rieden"]
[Date "1996.??.??"]
[Round "?"]
[White "Keller, Thomas"]
[Black "Biro, Sandor"]
[Result "0-1"]
[WhiteElo "2155"]
[BlackElo "2345"]

1.c4 e5 2.g3 Nf6 3.Bg2 d5 4.cxd5 Nxd5 5.Nc3 Nb6 6.Nf3 Nc6 7.O-O Be7 8.a3 Be6
9.b4 a5 10.b5 Nd4 11.Nxd4 exd4 12.Na4 Bd5 13.Nxb6 cxb6 14.Qa4 Bxg2 15.Kxg2 Qd5+
16.Kg1 Rc8 17.Bb2 Rc4 18.Qb3 a4 19.Qd3 O-O 20.Rac1 Rfc8 21.Rxc4 Rxc4 22.Rc1 Rxc1+
23.Bxc1 Qb3 24.Qxb3 axb3 25.e4 d3 26.Bb2 f5 27.e5 Kf7 28.f3 g5 29.g4 Ke6
30.Kf2 Bc5+ 31.Kf1 fxg4 32.fxg4 Kd5 33.Kg2 Be3  0-1

[Event "EU-ch U18"]
[Site "Rimavska Sobota"]
[Date "1996.??.??"]
[Round "2"]
[White "Vaklinov, Atanas"]
[Black "Salmensuu, Olli"]
[Result "0-1"]
[WhiteElo "2035"]
[BlackElo "2305"]

1.c4 e5 2.g3 g6 3.Bg2 Bg7 4.Nc3 Nc6 5.e4 d6 6.Nge2 Be6 7.d3 Qd7 8.Be3 Nd4
9.O-O h5 10.Bxd4 exd4 11.Nd5 O-O-O 12.a4 h4 13.a5 Nh6 14.Qa4 Ng4 15.Qxd7+ Rxd7
16.Nef4 hxg3 17.hxg3 g5 18.Ne2 Nh2 19.f4 Nxf1 20.Rxf1 Bg4 21.Nc1 c6 22.Nb4 gxf4
23.gxf4 a6 24.Rf2 Bf6 25.Nb3 Bd1 26.Nc1 Bd8 27.Nba2 Bxa5 28.b4 Bd8 29.Rd2 Bg4
30.Nb3 Bf6 31.b5 axb5 32.cxb5 Be6 33.Na5 cxb5 34.Nb4 Bd8  0-1

[Event "Rosario"]
[Site "Rosario"]
[Date "1996.??.??"]
[Round "1"]
[White "Spangenberg, Hugo"]
[Black "Sanchez Almeyra, Jorge"]
[Result "1/2-1/2"]
[WhiteElo "2505"]
[BlackElo "2445"]

1.c4 e5 2.g3 c6 3.b3 d5 4.Bb2 Bd6 5.Nf3 f6 6.Bg2 Ne7 7.O-O O-O 8.Qc2 Be6
9.d3 Nd7 10.Nbd2 a5 11.a3 b5 12.Bc3 Qc7 13.e3 Qb7 14.Nh4 Rfb8 15.d4 Rf8 16.c5 Bc7
17.f4 Rae8 18.fxe5 fxe5 19.e4 Qb8 20.Ndf3 h6 21.dxe5 Nxc5 22.exd5 Bxd5 23.b4 Ne6
24.bxa5 Bxa5 25.Bb2 Bb6+ 26.Kh1 Qa7 27.Rad1 Qa4 28.Qxa4 bxa4 29.Nd2 g5 30.Bxd5 cxd5
31.Ng2 Rxf1+ 32.Nxf1 Rf8 33.Nfe3 Rf3 34.Ng4 Kg7 35.Bc1 Kg6 36.Be3 Bc7 37.Ne1 Rf8
38.Nd3 Nf5 39.Bd2  1/2-1/2

[Event "Rosario"]
[Site "Rosario"]
[Date "1996.??.??"]
[Round "1"]
[White "Serafino, Dario"]
[Black "Servat, Roberto"]
[Result "0-1"]
[WhiteElo "2325"]
[BlackElo "2440"]

1.c4 e5 2.g3 Nf6 3.Bg2 Nc6 4.Nf3 d5 5.cxd5 Nxd5 6.O-O Be7 7.Nc3 Nb6 8.d3 O-O
9.Be3 f5 10.b4 Bf6 11.Qb3+ Kh8 12.Rac1 Re8 13.Rfe1 Be6 14.Qb1 Nd4 15.a4 a5
16.bxa5 Rxa5 17.Bxd4 exd4 18.Qb4 Ra6 19.Nb5 Rxa4 20.Qc5 Ra5 21.Qb4 Ra4 22.Qc5 c6
23.Nd6 Re7 24.Rb1 Ra6 25.Nc4 Na4 26.Qd6 Qg8 27.Qf4 Bxc4 28.dxc4 Nc3 29.Rb2 d3  0-1

[Event "Sakthi"]
[Site "Sakthi"]
[Date "1996.??.??"]
[Round "6"]
[White "Koshy, Varugeese"]
[Black "Adianto, Utut"]
[Result "0-1"]
[WhiteElo "2410"]
[BlackElo "2610"]

1.c4 e5 2.g3 Nf6 3.Bg2 Nc6 4.Nc3 Bc5 5.e3 O-O 6.Nge2 d5 7.cxd5 Nb4 8.O-O Bg4
9.e4 c6 10.h3 Bxe2 11.Qxe2 Nc2 12.Rb1 cxd5 13.exd5 Nd4 14.Qd1 Nd7 15.b4 Bb6
16.Na4 f5 17.Bb2 f4 18.Bxd4 Bxd4 19.Kh2 e4 20.Bxe4 Ne5 21.Qh5 g6 22.Qh4 Qd6
23.Nc5 Bxf2 24.Rxf2 fxg3+ 25.Qxg3 Rxf2+  0-1

[Event "DLM U20 Girls"]
[Site "Schoeneck"]
[Date "1996.??.??"]
[Round "4"]
[White "Niessen, Helga"]
[Black "Glaser, Andrea"]
[Result "1/2-1/2"]
[WhiteElo "2135"]
[BlackElo "2065"]

1.c4 e5 2.g3 g6 3.Bg2 Bg7 4.Nc3 d6 5.Rb1 f5 6.d3 c6 7.b4 Nf6 8.Qb3 O-O 9.Nf3 Qe7
10.O-O h6 11.Ne1 Nbd7 12.Nc2 Rb8 13.a4 g5 14.a5 f4 15.Ba3 g4 16.a6 Nh7 17.axb7 Bxb7
18.Rfe1 Ng5 19.Ne4 f3 20.Nxg5 hxg5 21.Bf1 c5 22.Ne3 Qe6 23.exf3 gxf3 24.bxc5 dxc5
25.Qa4 Bc6 26.Qa5 Qd6 27.Qa6 Rb6 28.Qa5 Qb8 29.Rbc1 Qd6 30.Rb1 Rfb8 31.Rbc1 Qf8
32.Ng4 Qd6 33.Ne3 Bf8 34.Ra1 Qe6 35.Qd2 g4 36.Nc2 Bh6 37.Qa5 Bf8 38.Bc1 Qg6
39.Qd2 a6 40.Qg5 Ba8 41.Ra5 Qxg5 42.Bxg5 Re6 43.Rea1 Rbb6 44.Ne3 Rg6 45.Bd8 Rb8
46.Bh4 Rbb6 47.Bd8 Rbe6 48.Nf5 Re8 49.Bh4 Ree6 50.Bd8 Re8 51.Bh4 Ree6 52.Bd8  1/2-1/2

[Event "Seefeld op"]
[Site "Seefeld"]
[Date "1996.??.??"]
[Round "?"]
[White "Vinke, Andreas"]
[Black "Behrens, Harald"]
[Result "1-0"]
[WhiteElo "2070"]
[BlackElo "2270"]

1.c4 e5 2.g3 Nf6 3.Bg2 Nc6 4.Nc3 Bb4 5.Nf3 O-O 6.O-O Bxc3 7.bxc3 d6 8.d3 h6
9.e4 a6 10.Rb1 Rb8 11.Ne1 b5 12.cxb5 axb5 13.f4 Re8 14.f5 d5 15.exd5 Nxd5
16.Qb3 Nce7 17.g4 Rb6 18.Nf3 Qd6 19.Ba3 c5 20.Rfe1 f6 21.Nd2 Kh7 22.Ne4 Qc7
23.Bxc5 Bb7 24.c4 Rc6 25.Bxe7 Nxe7 26.cxb5 Qb6+ 27.Kh1 Rc7 28.Qe6 Qxe6 29.fxe6 Ra8
30.b6 Rc2 31.Nxf6+ gxf6 32.Bxb7 Raxa2 33.Be4+ f5 34.gxf5 Rxh2+ 35.Kg1  1-0

[Event "Seefeld op"]
[Site "Seefeld"]
[Date "1996.??.??"]
[Round "?"]
[White "Vinke, Andreas"]
[Black "Timoshenko, Georgy"]
[Result "1/2-1/2"]
[WhiteElo "2070"]
[BlackElo "2510"]

1.c4 e5 2.g3 Nc6 3.Bg2 Nf6 4.Nc3 Bb4 5.Nf3 O-O 6.O-O e4 7.Ng5 Bxc3 8.bxc3 Re8
9.f3 e3 10.d3 d5 11.Qb3 Na5 12.Qa4 c6 13.cxd5 cxd5 14.f4 Bd7 15.Qa3 Nc6 16.Rb1 b6
17.Bb2 Rc8 18.Rbc1 Bg4 19.Nf3 Qd7 20.c4 d4 21.Ba1 Rcd8 22.Qb2 Qd6 23.a3 h6
24.Rc2 Qc5 25.Rb1 Rd6 26.Qc1 a6 27.Rxb6  1/2-1/2

[Event "Seefeld op"]
[Site "Seefeld"]
[Date "1996.??.??"]
[Round "?"]
[White "Schnitzspan, Lothar"]
[Black "Loginov, Valery A"]
[Result "0-1"]
[WhiteElo "2340"]
[BlackElo "2525"]

1.c4 e5 2.g3 d6 3.Bg2 g6 4.Nc3 Bg7 5.Nf3 Nf6 6.O-O O-O 7.d3 a5 8.Bg5 h6 9.Bxf6 Bxf6
10.Nd2 Bg7 11.Rb1 Nc6 12.a3 Bd7 13.b4 axb4 14.axb4 e4 15.b5 Ne7 16.Qb3 exd3
17.exd3 c6 18.bxc6 bxc6 19.Nce4 Nf5 20.Nf3 Ra5 21.Qb4 c5 22.Qb7 Ra3 23.Rfd1 Ba4
24.Rd2 Ne7 25.Rb6 Ra1+ 26.Bf1 Bd7 27.g4 Bc8 28.Qb8 Bxg4 29.Qxd8 Rxd8 30.Nh4 Nf5  0-1

[Event "Sochi"]
[Site "Sochi"]
[Date "1996.??.??"]
[Round "?"]
[White "Ivanov, Victor L"]
[Black "Yuferov, Sergey  N"]
[Result "1/2-1/2"]
[WhiteElo "2450"]
[BlackElo "2440"]

1.c4 e5 2.g3 Nc6 3.Bg2 g6 4.Nc3 Bg7 5.d3 d6 6.Rb1 a5 7.a3 Be6 8.Nf3 Nge7
9.O-O O-O 10.b4 axb4 11.axb4  1/2-1/2

[Event "Sochi"]
[Site "Sochi"]
[Date "1996.??.??"]
[Round "?"]
[White "Dragomarezkij, Evgeni"]
[Black "Komliakov, Viktor"]
[Result "1-0"]
[WhiteElo "2455"]
[BlackElo "2500"]

1.c4 e5 2.g3 d5 3.cxd5 Qxd5 4.Nf3 Bb4 5.Nc3 Bxc3 6.dxc3 Qxd1+ 7.Kxd1 Nc6
8.Bg2 Nf6 9.Nd2 O-O 10.Bxc6 bxc6 11.Nc4 Ng4 12.Ke1 a5 13.b3 Re8 14.Nb2 Nf6
15.c4 Nd7 16.Be3 f5 17.Rd1 h6 18.Na4 Nf8 19.Bd2 Kf7 20.Bc3 f4 21.f3 g5 22.Kf2 Nd7
23.gxf4 gxf4 24.Rhe1 Nf6 25.e3 Rg8 26.Bxe5 Bh3 27.Rg1 fxe3+ 28.Ke2 Rad8 29.Bxf6 Kxf6
30.Kxe3 Rxd1 31.Rxd1 h5 32.Nc5 h4 33.Rd4 Rh8 34.Ne4+ Ke7 35.Nf2 Bf5 36.h3 Be6
37.Ng4 c5 38.Rd2 a4 39.Rd3 axb3 40.axb3 Ra8 41.Kf4 Rg8 42.Re3 Kd6 43.Nf6 Rg6
44.Ne4+ Kc6 45.Ng5 Rf6+ 46.Ke5 Rf5+ 47.Kxe6 Rxg5 48.f4 Rg3 49.Re1 Rxh3 50.f5 Rf3
51.f6 Kb6 52.f7 Ka5 53.Re5 h3 54.Rxc5+ Kb6 55.Rb5+ Ka6 56.Rh5 Re3+ 57.Kf6 Rf3+
58.Ke7 Re3+ 59.Kd7 Rf3 60.Kxc7 Rxf7+ 61.Kc6 Rf6+ 62.Kc5 Ka5 63.b4+ Ka4 64.b5 Ka5
65.Rxh3 Rf5+ 66.Kd6 Rf6+ 67.Ke5 Rg6 68.Rh8 Rg5+ 69.Kd6 Rg6+ 70.Kd7 Rg7+ 71.Kc6 Rg6+
72.Kb7 Rg7+ 73.Kb8 Rg6 74.Rc8 Kb6 75.Ka8 Rh6 76.Rb8+ Kc5 77.Ka7 Kxc4 78.b6 Rh1
79.Rg8 Kc5 80.b7 Ra1+ 81.Kb8 Kd6 82.Rd8+ Ke7 83.Rd4 Rb1 84.Ra4  1-0

[Event "Solymar op"]
[Site "Solymar"]
[Date "1996.??.??"]
[Round "?"]
[White "Nemeth, Zoltan"]
[Black "Adorjan, Andras"]
[Result "0-1"]
[WhiteElo "2395"]
[BlackElo "2525"]

1.g3 e5 2.c4 c6 3.d4 exd4 4.Qxd4 Nf6 5.Nc3 d5 6.Bg2 dxc4 7.Qxc4 Be6 8.Qf4 Bd6
9.Qh4 Be7 10.Qf4 O-O 11.Nf3 Qc8 12.O-O Bh3 13.b3 Na6 14.Bb2 Re8 15.Rfd1 Bxg2
16.Kxg2 Nc5 17.Nd4 Ne6 18.Nxe6 Qxe6 19.e3 Bf8 20.Rd3 Nd7 21.Ne2 Nc5 22.Rdd1 a5
23.Nd4 Qe4+ 24.Qxe4 Nxe4 25.f3 Nc5 26.e4 a4 27.b4 a3 28.Bc1 Na4 29.Rd3 Nb2  0-1

[Event "Petrov mem"]
[Site "St Petersburg"]
[Date "1996.??.??"]
[Round "6"]
[White "Vaulin, Alexander"]
[Black "Orlov, Vassily"]
[Result "1-0"]
[WhiteElo "2480"]
[BlackElo "2405"]

1.c4 e5 2.g3 Nf6 3.Bg2 d5 4.cxd5 Nxd5 5.Nc3 Nb6 6.Nf3 Nc6 7.a3 g6 8.d3 Bg7
9.Bg5 f6 10.Be3 Nd4 11.Rc1 c6 12.Ne4 O-O 13.Nc5 f5 14.h4 h6 15.Bxd4 exd4
16.Qb3+ Kh8 17.Ng5 Qe7 18.Rc2 Be5 19.Nge6 Rf6 20.Nf4 Bd6 21.h5 Bxf4 22.gxf4 g5
23.Qb4 Rd6 24.a4 Qf6 25.fxg5 hxg5 26.a5 Nd5 27.Bxd5 Rxd5 28.Nxb7 Rb8 29.a6 Bxb7
30.axb7 Rb5 31.Qxb5 cxb5 32.Rc8+ Kh7 33.Rxb8 Qb6 34.O-O Qc7 35.Rc8 Qxb7 36.Rfc1  1-0

[Event "Stary Smokovec op"]
[Site "Stary Smokovec"]
[Date "1996.??.??"]
[Round "?"]
[White "Safyanovsky, Mark"]
[Black "Vejmelek, Milan"]
[Result "1-0"]
[WhiteElo "2390"]
[BlackElo "2110"]

1.c4 e5 2.g3 Nc6 3.Bg2 g6 4.Nc3 Bg7 5.Rb1 a5 6.a3 f5 7.d3 d6 8.e3 Nf6 9.Nge2 O-O
10.b4 axb4 11.axb4 Ne7 12.d4 c6 13.O-O Be6 14.c5 Ned5 15.Bd2 Qe7 16.Qc2 g5
17.cxd6 Qxd6 18.dxe5 Qxe5 19.f4 gxf4 20.exf4 Qd6 21.Nd4 Nxc3 22.Bxc3 Nd5
23.Nxe6 Qxe6 24.Bxg7 Kxg7 25.Rfe1 Qd6 26.Re5 Rae8 27.Rxe8 Rxe8 28.b5 Kg6
29.bxc6 bxc6 30.Rc1 Re6 31.Bf3 h5 32.Qb2 Qe7 33.Kg2 Ne3+ 34.Kh3 Nd5 35.Qd4 Qf6
36.Qd1 h4 37.Bxd5 cxd5 38.Qxd5 hxg3 39.Rg1 Re3 40.Qg8+ Kh6 41.hxg3 Qg7 42.Qxg7+ Kxg7
43.Rb1 Re6 44.Kh4 Kg6 45.Rb8 Ra6 46.Rg8+ Kf7 47.Rh8 Kg6 48.Rc8 Rb6 49.Rg8+ Kf7
50.Rg5 Kf6 51.Kh5 Rb3 52.Kh6 Ra3 53.Rg6+ Kf7 54.Kh5 Rb3 55.Kh6 Ra3 56.Rg7+ Kf6
57.Rg8 Kf7 58.Rg7+ Kf6 59.Kh7  1-0

[Event "SUI-chT"]
[Site "SUI"]
[Date "1996.??.??"]
[Round "5"]
[White "Zueger, Beat"]
[Black "Campora, Daniel H"]
[Result "1-0"]
[WhiteElo "2460"]
[BlackElo "2545"]

1.c4 e5 2.g3 d6 3.Bg2 f5 4.d4 Be7 5.Nc3 Nf6 6.e3 O-O 7.Nge2 Qe8 8.O-O c6
9.b3 Na6 10.Ba3 Be6 11.d5 Bf7 12.e4 cxd5 13.exf5 d4 14.Bxb7 Nc5 15.Bxc5 dxc5
16.Ne4 Rd8 17.Qd3 g6 18.Nxf6+ Bxf6 19.g4 gxf5 20.gxf5 Kh8 21.Ng3 Qe7 22.Bg2 Bg5
23.Rae1 Qc7 24.Kh1 Be8 25.Rg1 Bf4 26.Be4 Rd6 27.Ne2 Bh6 28.Rg2 Bc6 29.Reg1 Rdf6
30.Ng3 Bf4 31.Nh5 Rh6 32.Nxf4 exf4 33.Qf3 Bxe4 34.Qxe4 Qd6 35.Qb7 Qf6 36.Qd5 Qd8
37.Qe5+ Rhf6 38.Qxc5 d3 39.Qe5 d2 40.Rd1 f3 41.Rg4 Re8 42.Rxd2  1-0